000 00411nam a2200181Ia 4500
003 OSt
005 20251202104942.0
008 250729s1995 xx 000 0 und d
040 _cAL
041 _aeng
082 _a320 SAMN
100 _aSamad Yunas
_9225354
245 _aA nation in turmoil
260 _aNew Delhi
_c1995
300 _a232p
650 _aPolitical Science
_9225355
942 _2ddc
_cBED
999 _c236870
_d236870